Technischer Vertrieb 2.0 - Statistiken

Allgemein
  • Dieses Quiz wurde 3 mal gespielt
  • Das Durchschnittsergebnis liegt bei 13 aus 15
Antwortstatistiken
Hint Antwort % Korrekt
Was sind die Grundlagen der Verhandlung? Konflikt, Verhandlungsabsicht, Verhandlungskorridor
100%
Welche Kurve beschreibt den Adoptionsprozess einer Innovation? Law of diffusion of innovation
100%
Wofür steht MQL? Marketing Qualified Lead
100%
Was ist die letzte Phase eines Verkaufsgesprächs? Nachbereitung
100%
Wenn ein Verhandlungskorridor (ZOPA) kleiner 0 vorhanden ist, lohnt sich dann eine Verhandlung? Nein
100%
Was ist wichtiger verbale oder non-verbale Kommunikation? non-verbale Kommunikation
100%
Welche Verkaufsform ist ein Ladenverkauf? persönlich
100%
Wofür steht SAL? Sales Accepted Lead
100%
Wofür steht SQL? Sales Qualified Lead
100%
Bei welcher Verkaufsform ist die Interaktion zwischen Menschen nicht im Mittelpunkt? unpersönlich
100%
Kommunikation Golden circle von innen nach außen
100%
Golden Circle (von innen nach außen) Why, How, What
100%
Was ist ein Verkaufsgespräch? Dialog, der zum Verkaufsabschluss führen soll
67%
Wie wird die quantitative Bewertung eines Leads genannt? Lead-Scouring
33%
Welche Aufgabe hat der Vertrieb innerhalb des Kundenlebenszyklus? Begleitung des Kunden über den gesamten Lebenszyklus hinweg
0%
Keine übereinstimmenden Quizze gefunden
Verteilung der Resultate
Anzahl Personen mit jedem Resultat
Perzentil nach korrekt beantworteten Fragen
Ihre Resultats-Entwicklung
Sie haben dieses Quiz noch nicht gespielt